Перспективы развития АО "Уральская нефть"; Проблемы геологии и освоения недр; Т. 2

Bibliografiske detaljer
Parent link:Проблемы геологии и освоения недр=Problems of Geology and Subsurface Development: труды XXIV Международного симпозиума имени академика М. А. Усова студентов и молодых учёных, посвященного 75-летию Победы в Великой Отечественной войне, Томск, 6-10 апреля 2020 г./ Национальный исследовательский Томский политехнический университет, Инженерная школа природных ресурсов ; гл. ред. А. С. Боев ; под ред. Е. Ю. Пасечник.— , 2020
Т. 2.— 2020.— [С. 630-631]
Hovedforfatter: Харитонов А. Д.
Institution som forfatter: Национальный исследовательский Томский политехнический университет Инженерная школа природных ресурсов Отделение нефтегазового дела
Andre forfattere: Иванова М. П. Мария Петровна (научный руководитель), Мищенко М. В. Мария Валериевна
Summary:Заглавие с экрана
Sprog:russisk
Udgivet: 2020
Serier:Экономика минерального и углеводородного сырья. Природоресурсное право
Fag:
Online adgang:http://earchive.tpu.ru/handle/11683/62865
Format: MixedMaterials Electronisk Book Chapter
KOHA link:https://koha.lib.tpu.ru/cgi-bin/koha/opac-detail.pl?biblionumber=631724

MARC

LEADER 00000naa2a2200000 4500
001 631724
005 20231101133657.0
035 |a (RuTPU)RU\TPU\conf\33425 
035 |a RU\TPU\conf\33424 
090 |a 631724 
100 |a 20200915d2020 k y0rusy50 ca 
101 0 |a rus 
102 |a RU 
105 |a y z 100zy 
135 |a drcn ---uucaa 
181 0 |a i  
182 0 |a b 
200 1 |a Перспективы развития АО "Уральская нефть"  |f А. Д. Харитонов, М. П. Иванова  |g науч. рук. М. В. Мищенко 
203 |a Текст  |c электронный 
225 1 |a Экономика минерального и углеводородного сырья. Природоресурсное право 
230 |a 1 компьютерный файл (pdf; 699 Kb) 
300 |a Заглавие с экрана 
320 |a [Библиогр.: с. 631 (4 назв.)] 
461 1 |0 (RuTPU)RU\TPU\conf\32983  |t Проблемы геологии и освоения недр  |l Problems of Geology and Subsurface Development  |o труды XXIV Международного симпозиума имени академика М. А. Усова студентов и молодых учёных, посвященного 75-летию Победы в Великой Отечественной войне, Томск, 6-10 апреля 2020 г.  |o в 2 т.  |f Национальный исследовательский Томский политехнический университет, Инженерная школа природных ресурсов ; гл. ред. А. С. Боев ; под ред. Е. Ю. Пасечник  |d 2020 
463 1 |0 (RuTPU)RU\TPU\conf\32985  |t Т. 2  |v [С. 630-631]  |d 2020 
610 1 |a труды учёных ТПУ 
610 1 |a электронный ресурс 
610 1 |a перспективы развития 
610 1 |a динамика 
610 1 |a добыча нефти 
610 1 |a добыча газа 
610 1 |a прибыль 
610 1 |a энергоэффективное оборудование 
610 1 |a инновационные технологии 
700 1 |a Харитонов  |b А. Д. 
701 1 |a Иванова  |b М. П.  |c специалист в области нефтегазового дела  |c ассистент кафедры Томского политехнического университета  |f 1982-  |g Мария Петровна  |2 stltpush  |3 (RuTPU)RU\TPU\pers\30879 
702 1 |a Мищенко  |b М. В.  |c гидрогеолог  |c доцент Томского политехнического университета, кандидат геолого-минералогических наук  |f 1980-  |g Мария Валериевна  |2 stltpush  |4 727 
712 0 2 |a Национальный исследовательский Томский политехнический университет  |b Инженерная школа природных ресурсов  |b Отделение нефтегазового дела  |h 8084  |2 stltpush  |3 (RuTPU)RU\TPU\col\23546 
801 2 |a RU  |b 63413507  |c 20200925  |g RCR 
856 4 |u http://earchive.tpu.ru/handle/11683/62865 
942 |c BK